| 000 | 00714nam a2200265Ia 4500 | ||
|---|---|---|---|
| 008 | 170203s9999 xx 000 0 und d | ||
| 020 | _a0-545028426 | ||
| 050 | _aFic | ||
| 050 | _b.F528g 2007 | ||
| 100 | _aFisch, Sarah | ||
| 245 | _aGiving thanks / | ||
| 245 | _cby Sarah Fisch ; illustrated by Bob Roper. | ||
| 260 | _aNew York : | ||
| 260 | _bScholastic Inc | ||
| 260 | _c2007 | ||
| 300 | _bcolor illustrations ; | ||
| 300 | _c23 cm. | ||
| 440 | _aClifford's puppy days. | ||
| 650 | _aClifford (Fictitious character : Bridwell) -- | ||
| 650 | _aDogs -- | ||
| 650 | _aThanksgiving Day -- | ||
| 650 | _x Juvenile fiction. | ||
| 650 | _xJuvenile fiction. | ||
| 650 | _xJuvenile fiction. | ||
| 999 |
_c306137 _d306137 |
||